000 01381cam a22002655a 4500
001 L150520
008 100722s2010 xxk f 001 0 eng d
020 _a9781842196045
035 _a(Sirsi) u150520
041 0 _aeng
050 0 4 _a333.3307 $2 18
100 1 _aHirst, Christina
245 0 0 _aAPC 2010-11
_byour practical guide to success
250 _a5th ed.
260 _aCoventry
_bRICS
_c2010
300 _ax, 164p.
_c21cm.
505 2 _aAPC overview -- The training period -- Information management -- Preparation for the final assessment -- The interview and presentation -- Appraisal referral and the appeal system -- Conclusion -- Frequently asked questions -- APC timeline
520 _aThis book explains explains each stage of the RICS Assessment of Professional Competence (APC) programe from enrolment to the final assessment, results and appeals. This new edition reflects recent changes to the process. It covers the following: dates, deadlines and timescales; record-keeping and repor-writing; the core competencies; the final assessment; interview techiques; appraisal, referral and appeal.
520 _aSupersedes fourth edition (ISBN 9781842194904).
521 _aAdvanced
590 _aKA
651 4 _aUnited Kingdom
_y
690 _aCAREERS, EDUCATION AND TRAINING-QUALIFICATION ROUTES-ASSESSMENT OF PROFESSIONAL COMPETENCE
942 _n0
999 _c110898
_d110898